000 01195nam a2200217Ia 4500
003 IEPS
005 20250703135247.0
008 250223s9999||||xx |||||||||||||| ||und||
020 _a3034510977
040 _CIEPS
041 _aara
082 _a613.7
100 _aسلامة بهاء الدين ابراهيم
245 0 _aالجوانب الصحية في التربية الرياضية
250 _aط.2
260 _aالقاهرة
_bدار الفكر العربي
_c1992
300 _a304 ص.
_bجداول، رسوم، مخططات
_c24 سم
520 _aالتربية الصحية و علاقتها بالتربية و التربية الرياضية،و الأسس الصحية المرتبطة بالتربية الرياضية،و الغذاء الصحي للرياضيين و أسس التربية الصحية، ومجالات التربية الصحية و طرقها و أساليبها، كما تطرق الى الرعاية الصحية المدرسية و الحالة الصحية في الجتمع،و في الأخير عرض المشاكل الصحية في المجتمع.
653 _aالطب الرياضي_التربية البدنية
942 _cكتاب
999 _c11584
_d11584